RC Strasbourg Alsace Squad 2024-2025 - Statistics

General Stats
  • This quiz has been taken 82 times
    45 since last reset
  • The average score is 19 of 34
Answer Stats
# Position Nation Player % Correct
8 MF Brazil Andrey Santos
96%
7 FW Portugal Diego Moreira
96%
10 FW Netherlands Emanuel Emegha
96%
1 GK Serbia Đorđe Petrović
93%
26 FW France Dilane Bakwa
85%
19 MF Senegal Habib Diarra
85%
15 MF Sweden Sebastian Nanasi
81%
32 DF Argentina Valentín Barco
81%
2 DF Ireland Andrew Omobamidele
74%
22 DF Ivory Coast Guéla Doué
70%
- Coach England Liam Rosenior
70%
77 DF Ukraine Eduard Sobol
67%
29 DF France Ismaël Doukouré
67%
24 DF Ivory Coast Abakar Sylla
63%
36 GK Morocco Alaa Bellaarouch
59%
6 MF France Félix Lemaréchal
59%
23 DF France Mamadou Sarr
59%
14 FW France Sékou Mara
59%
30 GK Sweden Karl-Johan Johnsson
52%
40 FW Martinique Jérémy Sebas
44%
20 FW Colombia Óscar Perea
44%
11 FW Ivory Coast Moïse Sahi Dion
41%
13 DF Guinea Saïdou Sow
41%
3 DF France Thomas Delaine
41%
9 FW Serbia Miloš Luković
37%
27 FW England Samuel Amo-Ameyaw
37%
42 FW Ivory Coast Abdoul Ouattara
33%
18 MF France Junior Mwanga
33%
12 DF United States Caleb Wiley
30%
28 DF France Marvin Senaya
30%
17 MF Senegal Pape Diong
30%
16 GK France Robin Risser
30%
35 MF France Tidiane Diallo
22%
25 DF France Yoni Gomis
22%
No matching quizzes found
Score Distribution
Percent of People with Each Score
Percentile by Number Answered
Your Score History
You have not taken this quiz since the last reset